000 00615nam a2200205Ii 4500
003 JO-AjNU
008 230605s9999||||xx |||||||||||||| ||und||
040 _aJO-AjNU
_bara
_erda
_cJO-AjNU
041 _aara
050 1 4 _aPJ7862.A688.1993
100 3 _aالسمان، غادة,
_eauthor
_961716
245 0 0 _aالاعماق المحتلة
250 _aالطبعة الثانية
264 3 1 _aبيروت: المؤلف، 1993
300 _a119ص
336 _atext
_btxt
_2rdacontent
337 _aunmediated
_bn
_2rdamedia
338 _avolume
_bnc
_2rdacarrier
650 4 _aالقصص العربية
_961717
999 _aA27911
_c31479
_d31479